Statistics for Countries with the Most 1,000 Room Hotels

Click here to take the quiz!

General Stats

  • This quiz has been taken 472 times
  • The average score is 13 of 16

Answer Stats

#Country% Correct
139United States
100%
11China
97%
3United Kingdom
96%
5France
95%
5Japan
93%
5Canada
92%
6Russia
91%
3Germany
90%
2Mexico
89%
3United Arab Emirates
80%
2South Korea
78%
2Indonesia
74%
3Thailand
73%
7Saudi Arabia
70%
3Singapore
62%
2Malaysia
61%

Score Distribution

Percentile by Number Answered

Percent of People with Each Score

Your Score History

You have not taken this quiz